000 01224cam a22003134a 4500
999 _c16324
_d16324
001 11853603
005 20190310020050.0
008 991201s2000 nyu b 001 0 eng
010 _a 99088478
020 _a0807739553
020 _a0807739545 (pbk.)
040 _aDLC
_cDLC
_dDLC
042 _apcc
043 _an-us---
050 0 0 _aLC1099.3
_b.G393 2000
082 0 0 _a370.117
_221
100 1 _aGay, Geneva.
245 1 0 _aCulturally responsive teaching :
_btheory, research, and practice /
_cGeneva Gay.
260 _aNew York :
_bTeachers College Press,
_cc2000.
300 _axx, 251 p. ;
_c24 cm.
490 1 _aMulticultural education series
504 _aIncludes bibliographical references and index.
650 0 _aMulticultural education
_zUnited States.
650 0 _aEducational equalization
_zUnited States.
650 0 _aTeaching
_xSocial aspects
_zUnited States.
830 0 _aMulticultural education series (New York, N.Y.)
906 _a7
_bcbc
_corignew
_d1
_eocip
_f19
_gy-gencatlg
942 _2lcc
_cBOOKS
_hLC1099.3 .G393 2000
_01